=LDR 00000nam 2200000 4500 =001 INLIS000000000014717 =005 20130612110009 =008 ***********************************Ind** =035 ##$$0010-061300000014717 =041 ##$$a Ind =082 ##$$a 600 =090 ##$$a 600, Gal J =100 ##$$a Galmin, Linda =245 ##$$a Jendela iptek 6, Evolusi, LindaGalmin =260 ##$$a 2000 $b Jakarta =300 ##$$a 64,hlm, Ilus, 30 cm =650 ##$$a tehnologi dan Sains =850 ##$$a NBPNMAT